| 000 | 00972cam a22003015a 4500 | ||
|---|---|---|---|
| 001 | 016043884 | ||
| 003 | OSt | ||
| 005 | 20201128021021.0 | ||
| 008 | 120301t2012 nyua frb 001 0 eng d | ||
| 020 | _a9780071317689 (pbk.) | ||
| 020 | _a9781259071706 | ||
| 020 | _a1259071707 | ||
| 020 | _a0071317686 (pbk.) | ||
| 040 |
_aStDuBDS _beng _cStDuBDS _dUk _dEG-ScBUE _dEG-ScBUE |
||
| 082 | 0 | 4 |
_a658.4012 _bSTR _222 |
| 245 | 0 | 0 |
_aStrategic management : _bcreating competitive advantages / _cGregory G. Dess ... [et al.] |
| 250 | _a6th ed., Global ed. | ||
| 260 |
_aNew York : _bMcGraw-Hill Irwin, _cc.2012. |
||
| 300 |
_a1 v. (various pagings) : _bill. (col.) ; _c26 cm. |
||
| 500 | _aIncludes index. | ||
| 504 | _aIncludes bibliographical references. | ||
| 650 | 7 |
_aStrategic planning. _2BUEsh _91643 |
|
| 651 | _2BUEsh | ||
| 653 |
_bBUSADM _cJanuary2014 _cMarch2016 |
||
| 655 |
_vReading book _934232 |
||
| 700 | 1 |
_aDess, Gregory G. _934962 |
|
| 942 |
_2ddc _k658.4012 STR |
||
| 999 |
_c17976 _d17948 |
||